000 01795cam a2200517 4500
003 PE-LiUPU
005 20250731180147.0
020 _a8429140123
035 _a(Sirsi) i9788429140125
035 _a(Sirsi) 47381
035 _a(Sirsi) 47381
041 _aes
044 _aes
082 0 4 _a530
_bA31
100 1 _aAguilar Peris, José
245 _aCuestiones de físic :
_bcuestiones de física para los alumnos de primer curso de las facultades de ciencia y esculas especiales /
_cJ. Aguilar y F. Senent.
264 1 _aBarcelona :
_bEditorial Reverté,
_c1986
300 _a478 páginas :
_bilustraciones ;
_c24 cm.
490 0 _aPor qué?)
505 0 _aLa magnitud física y su medida -- Magnitudes vectoriales y Vectores. Cinemática -- Composición de movimientos -- Estática fuerza y equilibrio -- inámica del punto material y de los sistemas de puntos -- Trabajo. Energía -- Mecánica relati
526 _aSEG44
526 _aSEG26
526 _aP159
526 _aP155
526 _aP154
526 _aP153
526 _aP150
526 _aP100
526 _aP31
526 _aP30
526 _aP26
526 _aP25
526 _aP24
526 _aP22
526 _aP15
526 _aP10
650 1 4 _aFísica
_vProblemas
700 1 _aSenent, F.
_ecoaut.
942 _2ddc
_cBOOK
949 _a530 A31
_i65033
_lCCODEBUL1
_mBUL
_tLIBRO
_o.STAFF. Colección General
859 _q65033
_h530
_iA31
910 _agl
_bjv
_cng
_d20120620
596 _a1
999 _a530 A31
_wDEWEY
_c53722
_i65033
_d53722
_f2021-11-9
_g7
_lCCODEBUL1
_mBUL
_p107.00
_q1
_r0
_sN
_tBOOK
_u2015-7-6
_xINGENIERIA
_zUNKNOWN
_0COMPRA
_o.STAFF. Colección General
980 _81
_gALBERTO SANCHEZ Responsable de Automatización